If only he knew. (Record no. 14667)

000 -LEADER
fixed length control field 00850nam a2200253 a 4500
001 - CONTROL NUMBER
control field :::00012500$&:&@@
003 - CONTROL NUMBER IDENTIFIER
control field OkBaRHE
005 - DATE AND TIME OF LATEST TRANSACTION
control field 20100402121826.0
008 - FIXED-LENGTH DATA ELEMENTS--GENERAL INFORMATION
fixed length control field s1982 j 000 0 eng u
020 ## - INTERNATIONAL STANDARD BOOK NUMBER
International Standard Book Number 0310448816 (pbk.)
040 ## - CATALOGING SOURCE
Transcribing agency
100 1# - MAIN ENTRY--PERSONAL NAME
Personal name Smalley, Gary and Scott, Steve.
245 10 - TITLE STATEMENT
Title If only he knew.
250 ## - EDITION STATEMENT
Edition statement Rev. ed.
260 ## - PUBLICATION, DISTRIBUTION, ETC. (IMPRINT)
Place of publication, distribution, etc Grand Rapids, MI., :
Name of publisher, distributor, etc Zondervan Publishing House
Date of publication, distribution, etc 1982
300 ## - PHYSICAL DESCRIPTION
Extent 161, [1] p. ;
Dimensions 24 cm.
650 ## - SUBJECT ADDED ENTRY--TOPICAL TERM
Topical term or geographic name as entry element Marriage
650 ## - SUBJECT ADDED ENTRY--TOPICAL TERM
Topical term or geographic name as entry element Marriage
General subdivision Religious Aspects
-- Christianity
650 ## - SUBJECT ADDED ENTRY--TOPICAL TERM
Topical term or geographic name as entry element Wives
700 ## - ADDED ENTRY--PERSONAL NAME
Personal name Scott, Steve, 1948-
942 ## - ADDED ENTRY ELEMENTS (KOHA)
Source of classification or shelving scheme
Koha item type Books
Copies
Not for loan Price effective from Date acquired Withdrawn status Shelving location Barcode Source of classification or shelving scheme Lost status Date last seen Full call number Koha item type Copy number Permanent Location Damaged status
 2010-04-142010-04-14 General Stacks12500  2010-04-14HQ 734 .S684 1982Books1RHEMA Bible Training College 
 2010-04-142010-04-14 General Stacks15429  2010-04-14HQ 734 .S684 1982Books2RHEMA Bible Training College